|
|
|
|
| LEADER |
00833nab a2200217 i 4500 |
| 001 |
acta24240 |
| 005 |
20210601120642.0 |
| 008 |
161017s1984 hu o 0|| eng d |
| 022 |
|
|
|a 0001-6721
|
| 040 |
|
|
|a SZTE Egyetemi Kiadványok Repozitórium
|b hun
|
| 041 |
|
|
|a eng
|
| 100 |
1 |
|
|a Hannus István
|
| 245 |
1 |
0 |
|a Dealumination of zeolites with volatile reagents
|h [elektronikus dokumentum] :
|b Modification of the adsorption properties of Hungarian natural zeolites with phosgene /
|c Hannus István
|
| 260 |
|
|
|c 1984
|
| 300 |
|
|
|a 107-114
|
| 490 |
0 |
|
|a Acta physica et chemica
|v 30 No. 1-2
|
| 695 |
|
|
|a Természettudomány, Fizika, Kémia
|
| 700 |
0 |
1 |
|a Kiricsi Imre
|e aut
|
| 700 |
0 |
1 |
|a Dékány Imre
|e aut
|
| 700 |
0 |
1 |
|a Fejes Pál
|e aut
|
| 856 |
4 |
0 |
|u http://acta.bibl.u-szeged.hu/24240/1/phys_chem_030_fasc_001_002_107-114.pdf
|z Dokumentum-elérés
|